LEADER 01429nam0-2200409---450 001 990005684340203316 005 20191111180728.0 035 $a000568434 035 $aUSA01000568434 035 $a(ALEPH)000568434USA01 035 $a000568434 100 $a20060112d1978----|||y0itaa50------ba 101 $aita 102 $ait 105 $a0 00||| 200 1 $aDalle carte di Marianna Florenzi Waddington$escritti inediti sul panteismo$f[a cura di] M. Alessandra degl'Innocenti Venturini$gintroduzione di Claudio Cesa 210 $aNapoli$cBibliopolis$dcopyr. 1978 215 $a128 p.$d22 cm. 225 2 $aMemorie dell'Istituto italiano per gli studi filosofici$v3 410 0$12001$aMemorie dell'Istituto italiano per gli studi filosofici$v3 606 $aFlorenzi Waddington, Marianna$xManoscritti$xTemi[:] Panteismo$2F 620 $dNAPOLI 676 $a147 700 1$aFLORENZI WADDINGTON,$bMarianna$0522503 702 1$aDEGL'INNOCENTI VENTURINI,$bM. Alessandra 702 1$aCESA,$bClaudio 801 0$aIT$bSA$c20111219 912 $a990005684340203316 950 0$aDipar.to di Filosofia - Salerno$dDFFDC FLO$e7128 FIL 951 $aCC 147 DEG$b640 FIL 951 $aXV.18.A. 421 (FDC FLO)$b7128 FIL 959 $aBK 969 $aFDECI 979 $c20121027$lUSA01$h1526 979 $c20121027$lUSA01$h1615 996 $aDalle carte di Marianna Florenzi Waddington$9826610 997 $aUNISA LEADER 03282nam0 22005413i 450 001 VAN0249425 005 20230531091831.80 017 70$2N$a9783030486341 100 $a20220831d2020 |0itac50 ba 101 $aeng 102 $aCH 105 $a|||| ||||| 200 1 $aMathematical and Numerical Approaches for Multi-Wave Inverse Problems$eCIRM, Marseille, France, April 1?5, 2019/ Larisa Beilina ... [et al.] editors 210 $aCham$cSpringer$d2020 215 $avii, 142 p.$cill.$d24 cm 410 1$1001VAN0102574$12001 $aSpringer proceedings in mathematics & statistics$1210 $aBerlin [etc.]$cSpringer$v328 500 1$3VAN0249426$aMathematical and Numerical Approaches for Multi-Wave Inverse Problems$92377960 606 $a65R20$xNumerical methods for integral equations [MSC 2020]$3VANC019874$2MF 606 $a65M32$xNumerical methods for inverse problems for initial value and initial-boundary value problems involving PDEs [MSC 2020]$3VANC022146$2MF 606 $a65N12$xStability and convergence of numerical methods for boundary value problems involving PDEs [MSC 2020]$3VANC023049$2MF 606 $a65N15$xError bounds for boundary value problems involving PDEs [MSC 2020]$3VANC023067$2MF 606 $a78M10$xFinite element, Galerkin and related methods applied to problems in optics and electromagnetic theory [MSC 2020]$3VANC023085$2MF 606 $a62P10$xApplications of statistics to biology and medical sciences; meta analysis [MSC 2020]$3VANC024649$2MF 606 $a65F22$xIll-posedness and regularization problems in numerical linear algebra [MSC 2020]$3VANC028866$2MF 606 $a65R32$xNumerical methods for inverse problems for integral equations [MSC 2020]$3VANC029361$2MF 606 $a65J22$xNumerical solution to inverse problems in abstract spaces [MSC 2020]$3VANC029362$2MF 606 $a65N21$xNumerical methods for inverse problems for boundary value problems involving PDEs [MSC 2020]$3VANC029363$2MF 606 $a78A46$xInverse problems (including inverse scattering) in optics and electromagnetic theory [MSC 2020]$3VANC035159$2MF 610 $aAdaptive Finite Element Method$9KW:K 610 $aBiomedical Applications$9KW:K 610 $aComputer Science$9KW:K 610 $aFunctional imaging$9KW:K 610 $aHybrid Systems$9KW:K 610 $aInformatics$9KW:K 610 $aInverse problem$9KW:K 610 $aMultiwaves$9KW:K 620 $aCH$dCham$3VANL001889 702 1$aBeilina$bLarisa$3VANV087420 712 12$aMathematical and Numerical Approaches for Multi-Wave Inverse Problems conference$f2019$eMarseille, France$3VANV204018 712 $aSpringer $3VANV108073$4650 801 $aIT$bSOL$c20240614$gRICA 856 4 $uhttp://doi.org/10.1007/978-3-030-48634-1$zE-book ? Accesso al full-text attraverso riconoscimento IP di Ateneo, proxy e/o Shibboleth 899 $aBIBLIOTECA DEL DIPARTIMENTO DI MATEMATICA E FISICA$1IT-CE0120$2VAN08 912 $fN 912 $aVAN0249425 950 $aBIBLIOTECA DEL DIPARTIMENTO DI MATEMATICA E FISICA$d08CONS e-book 4734 $e08eMF4734 20220831 996 $aMathematical and Numerical Approaches for Multi-Wave Inverse Problems$92377960 997 $aUNICAMPANIA LEADER 01971nam0 22004933i 450 001 VAN0279322 005 20240708090008.20 017 70$2N$a9783031439148 100 $a20240708d2023 |0itac50 ba 101 $aeng 102 $aCH 105 $a|||| ||||| 200 1 $aˆA ‰Compact Capstone Course in Classical Calculus$fPeter R. Mercer 210 $aCham$cBirkhäuser$cSpringer$d2023 215 $axi, 157 p.$cill.$d24 cm 410 1$1001VAN0103268$12001 $aCompact textbooks in mathematics$1210 $aBasel [etc.]$cBirkhäuser$d2013- 610 $aApery's constant$9KW:K 610 $aBasel problem$9KW:K 610 $aBernoulli's inequality$9KW:K 610 $aBinomial theorem$9KW:K 610 $aClassical calculus$9KW:K 610 $aEuler's Constant$9KW:K 610 $aEuler's sine product$9KW:K 610 $aGeometric probability$9KW:K 610 $aHarmonic series$9KW:K 610 $aIrrationality of e$9KW:K 610 $aKepler-Bowkamp constant$9KW:K 610 $aMadhaven series$9KW:K 610 $aMinkowski distance$9KW:K 610 $aSeidel's product$9KW:K 610 $aStirling's Formula$9KW:K 620 $aCH$dCham$3VANL001889 700 1$aMercer$bPeter R.$3VANV080395$0722025 712 $aBirkhäuser $3VANV108193$4650 712 $aSpringer $3VANV108073$4650 790 1$aMercer, P. R.$zMercer, Peter R.$3VANV107811 801 $aIT$bSOL$c20240719$gRICA 856 4 $uhttps://doi.org/10.1007/978-3-031-43914-8$zE-book ? Accesso al full-text attraverso riconoscimento IP di Ateneo, proxy e/o Shibboleth 899 $aBIBLIOTECA DEL DIPARTIMENTO DI MATEMATICA E FISICA$1IT-CE0120$2VAN08 912 $fN 912 $aVAN0279322 950 $aBIBLIOTECA DEL DIPARTIMENTO DI MATEMATICA E FISICA$d08CONS e-Book 9365 $e08eMF9365 20240715 996 $aCompact Capstone Course in Classical Calculus$94176158 997 $aUNICAMPANIA